[Event "II HSL Istok 2015"]
[Site "Dalj, Vukovar, Zupanja, Oraho"]
[Date "2016.04.17"]
[Round "3.42"]
[White "Licina, Zoran"]
[Black "Spoljar, Marijan"]
[Result "1/2-1/2"]
[WhiteElo "2204"]
[BlackElo "2237"]
[PlyCount "75"]
[EventDate "2016.04.16"]
[EventType "tourn"]
[EventRounds "11"]
[Source "Croatia"]
[SourceDate "2016.04.16"]

1. c4 d6 2. g3 g6 3. Bg2 Bg7 4. Nc3 Nf6 5. e4 e5 6. Nge2 O-O 7. d3 c6 8. h3 Be6
9. O-O Ne8 10. Be3 Nc7 11. f4 f5 12. exf5 gxf5 13. Qd2 Nd7 14. b3 Qe7 15. fxe5
dxe5 16. d4 Rad8 17. Bg5 Bf6 18. Bh6 exd4 19. Nxd4 Bg7 20. Bxg7 Qxg7 21. Nce2
Nc5 22. Qf4 Bc8 23. Rad1 N7e6 24. Nxe6 Nxe6 25. Qc1 Rde8 26. Qc3 Qxc3 27. Nxc3
Kg7 28. Rde1 Nd4 29. Rxe8 Rxe8 30. Kf2 Kf6 31. Rd1 Ne6 32. Ne2 h6 33. Nf4 Nxf4
34. gxf4 Be6 35. Bf3 Ke7 36. Bh5 Rd8 37. Rxd8 Kxd8 38. Bf3 1/2-1/2

[Event "II HSL Istok 2015"]
[Site "Dalj, Vukovar, Zupanja, Oraho"]
[Date "2016.04.17"]
[Round "3.43"]
[White "Sargac, Rajna"]
[Black "Ljikar, Zoran"]
[Result "1-0"]
[WhiteElo "2174"]
[BlackElo "2253"]
[PlyCount "120"]
[EventDate "2016.04.16"]
[EventType "tourn"]
[EventRounds "11"]
[Source "Croatia"]
[SourceDate "2016.04.16"]

1. e4 c5 2. Nf3 e6 3. b3 b6 4. Bb2 Bb7 5. Nc3 Nc6 6. Be2 f6 7. O-O Nh6 8. d4
cxd4 9. Nxd4 Nf7 10. Nxc6 Bxc6 11. f4 Bc5+ 12. Kh1 O-O 13. Bf3 b5 14. Qd2 Qb6
15. Rae1 b4 16. Nd1 Rad8 17. Ne3 Qa6 18. Ra1 Qb7 19. Bd4 Be7 20. e5 fxe5 21.
fxe5 Bxf3 22. Rxf3 Ng5 23. Rxf8+ Rxf8 24. Nc4 Qd5 25. Bxa7 Qe4 26. Be3 Qf5 27.
Qd3 Ne4 28. Kg1 Nc3 29. Qxf5 exf5 30. Kf1 Kf7 31. Bd4 Nb5 32. Bb2 Ra8 33. Ke2
Ke6 34. Kd3 g5 35. c3 bxc3 36. Bxc3 h5 37. a4 Nc7 38. Nb6 Rb8 39. a5 f4 40. b4
g4 41. Ke4 d5+ 42. exd6 Bxd6 43. Rd1 Nb5 44. Be1 Rf8 45. Rd5 Nc7 46. Rxh5 f3
47. Rh6+ Ke7 48. gxf3 Rf4+ 49. Ke3 Rxf3+ 50. Ke2 Bf4 51. Rh4 Rh3 52. Rxg4 Rxh2+
53. Kd3 Be5 54. Re4 Rh3+ 55. Kc4 Ke6 56. Nd7 Kxd7 57. Rxe5 Rf3 58. b5 Rf4+ 59.
Kc5 Ne6+ 60. Kb6 Nd4 1-0

[Event "II HSL Istok 2015"]
[Site "Dalj, Vukovar, Zupanja, Oraho"]
[Date "2016.04.17"]
[Round "3.44"]
[White "Tomerlin, Sinisa"]
[Black "Cubelic, Milan"]
[Result "1-0"]
[WhiteElo "2255"]
[BlackElo "2100"]
[PlyCount "125"]
[EventDate "2016.04.16"]
[EventType "tourn"]
[EventRounds "11"]
[Source "Croatia"]
[SourceDate "2016.04.16"]

1. Nf3 d5 2. g3 Nf6 3. Bg2 c6 4. O-O Bf5 5. d3 Nbd7 6. Nfd2 e6 7. c4 Be7 8. Nc3
dxc4 9. Nxc4 O-O 10. Bf4 Nb6 11. e4 Bg6 12. Na5 Qd7 13. Qe2 Bb4 14. Nb3 a5 15.
Be3 Nc8 16. Na4 e5 17. f3 b5 18. Nac5 Qc7 19. a3 Bxc5 20. Nxc5 Nd7 21. Rac1
Nxc5 22. Rxc5 Qd7 23. Rxe5 f6 24. Rc5 Ne7 25. Rd1 Bf7 26. Rcc1 b4 27. axb4 axb4
28. Bc5 Rfe8 29. Qd2 b3 30. Qc3 Ra6 31. Bf1 Ra4 32. d4 f5 33. d5 cxd5 34. Qxb3
Raa8 35. Bxe7 Rxe7 36. exd5 Qa7+ 37. Kg2 Rb8 38. Qc2 Qa2 39. Bc4 Qxb2 40. Rd2
Qxc2 41. Rcxc2 Rd7 42. Rd4 Rbd8 43. Re2 Kf8 44. Re5 g6 45. Kf2 Kg7 46. f4 Kf6
47. Ke3 h6 48. Rd2 g5 49. Kd4 gxf4 50. gxf4 Rg8 51. Rb2 Rgd8 52. Rb6+ Rd6 53.
Rxd6+ Rxd6 54. Kc5 Rd8 55. Bd3 Rc8+ 56. Kd4 Rd8 57. Rxf5+ Ke7 58. Bc4 Rd7 59.
Ke5 Bg6 60. Rf6 Be4 61. Re6+ Kf7 62. Kxe4 Kg7 63. Ke5 1-0

[Event "II HSL Istok 2015"]
[Site "Dalj, Vukovar, Zupanja, Oraho"]
[Date "2016.04.17"]
[Round "3.45"]
[White "Sedic, Mijo"]
[Black "Grguric, Zeljko"]
[Result "1/2-1/2"]
[WhiteElo "2086"]
[BlackElo "2095"]
[PlyCount "45"]
[EventDate "2016.04.16"]
[EventType "tourn"]
[EventRounds "11"]
[Source "Croatia"]
[SourceDate "2016.04.16"]

1. c4 e6 2. Nc3 Nf6 3. d4 d5 4. c5 b6 5. cxb6 axb6 6. Nf3 Ba6 7. e3 Bxf1 8.
Kxf1 Nbd7 9. g3 Be7 10. Kg2 Qb8 11. Qe2 Qb7 12. Rd1 O-O 13. b3 Bb4 14. Bb2 Rfc8
15. a3 Bxc3 16. Bxc3 Ne4 17. Bb2 Qa6 18. Qe1 Qb5 19. b4 Nd6 20. Nd2 f5 21. Qf1
Ra4 22. Rdc1 Nf6 23. f3 1/2-1/2

[Event "II HSL Istok 2015"]
[Site "Dalj, Vukovar, Zupanja, Oraho"]
[Date "2016.04.17"]
[Round "3.46"]
[White "Crnogorac, Radovan"]
[Black "Fadljevic, Ivan"]
[Result "0-1"]
[WhiteElo "1835"]
[BlackElo "1912"]
[PlyCount "80"]
[EventDate "2016.04.16"]
[EventType "tourn"]
[EventRounds "11"]
[Source "Croatia"]
[SourceDate "2016.04.16"]

1. d4 Nf6 2. c4 g6 3. Nc3 d5 4. e3 Bg7 5. Nf3 O-O 6. h3 b6 7. Bd3 Ba6 8. cxd5
Bxd3 9. Qxd3 Nxd5 10. O-O Nxc3 11. bxc3 c5 12. Rd1 Qc7 13. c4 Nc6 14. Qe2 Na5
15. Bb2 cxd4 16. Bxd4 Qxc4 17. Qb2 Bxd4 18. Rxd4 Qe6 19. Qe2 a6 20. Rad1 b5 21.
h4 h6 22. Qd2 Nc4 23. Qb4 Nd6 24. Qb1 Rfc8 25. R4d2 Ne4 26. Qb2 Nxd2 27. Rxd2
Rd8 28. Qc2 Qc8 29. Qb2 Rxd2 30. Qxd2 Qd8 31. Qc2 Rc8 32. Qb2 Qd6 33. Ne5 Rc5
34. f4 Rd5 35. Qc2 Rd1+ 36. Kh2 Rd2 37. Qc8+ Kg7 38. Qe8 Qd5 39. e4 Qxa2 40.
Kh3 Rxg2 0-1

[Event "II HSL Istok 2015"]
[Site "Dalj, Vukovar, Zupanja, Oraho"]
[Date "2016.04.17"]
[Round "3.51"]
[White "Basrak, Srdjan"]
[Black "Rosic, Slavko"]
[Result "1-0"]
[WhiteElo "2269"]
[BlackElo "2253"]
[PlyCount "97"]
[EventDate "2016.04.16"]
[EventType "tourn"]
[EventRounds "11"]
[Source "Croatia"]
[SourceDate "2016.04.16"]

1. e4 c5 2. Nc3 d6 3. f4 Nc6 4. Nf3 g6 5. g3 Bg7 6. Bg2 Bg4 7. O-O Nd4 8. Nd5
Nf6 9. Ne3 Bh5 10. c3 Nxf3+ 11. Bxf3 Bxf3 12. Qxf3 e6 13. e5 Nd5 14. Nxd5 exd5
15. Qxd5 O-O 16. exd6 Rc8 17. d4 cxd4 18. cxd4 Qb6 19. Be3 Rc6 20. Qe4 Rxd6 21.
d5 Qb5 22. Rad1 Re8 23. Qf3 Qxb2 24. f5 gxf5 25. Bc5 Rd7 26. Qxf5 Red8 27. Rf2
Qb5 28. d6 b6 29. Ba3 Qa4 30. Qd3 Re8 31. Rf4 Qa5 32. Rg4 h5 33. Rc4 Qe5 34.
Bc1 Qe6 35. Bf4 Be5 36. Re4 Rxd6 37. Qf3 Qd7 38. Rxd6 Qxd6 39. Qxh5 Qc5+ 40.
Be3 Qd5 41. Qg4+ Kf8 42. h4 f6 43. Bh6+ Ke7 44. Qe2 Kd7 45. Kf1 Bxg3 46. Qg4+
Kc7 47. Rxe8 Qh1+ 48. Ke2 Qe1+ 49. Kd3 1-0

[Event "II HSL Istok 2015"]
[Site "Dalj, Vukovar, Zupanja, Oraho"]
[Date "2016.04.17"]
[Round "3.53"]
[White "Huis, Dinko"]
[Black "Egerc, Josip"]
[Result "1/2-1/2"]
[WhiteElo "2165"]
[BlackElo "2029"]
[PlyCount "76"]
[EventDate "2016.04.16"]
[EventType "tourn"]
[EventRounds "11"]
[Source "Croatia"]
[SourceDate "2016.04.16"]

1. d4 Nf6 2. c4 g6 3. Nc3 d6 4. e4 Bg7 5. f3 O-O 6. Be3 Nbd7 7. Qd2 e5 8. Nge2
exd4 9. Nxd4 Ne5 10. Be2 Be6 11. b3 Qe7 12. O-O Rad8 13. Bg5 Nc6 14. Nc2 Qd7
15. Rac1 Ne7 16. Nd5 Bxd5 17. cxd5 c5 18. dxc6 Nxc6 19. Nb4 Nxb4 20. Qxb4 h6
21. Be3 b6 22. Rfd1 d5 23. e5 Ne8 24. f4 Nc7 25. h3 Rfe8 26. a4 Bf8 27. Qc3 Re7
28. a5 Ne6 29. axb6 d4 30. Qa5 axb6 31. Qxb6 Qb7 32. Qxb7 Rxb7 33. Bd2 d3 34.
Bg4 Nd4 35. Ba5 Ra8 36. b4 Ne2+ 37. Bxe2 dxe2 38. Rd2 Bxb4 1/2-1/2

[Event "II HSL Istok 2015"]
[Site "Dalj, Vukovar, Zupanja, Oraho"]
[Date "2016.04.17"]
[Round "3.54"]
[White "Lesic, Krunoslav"]
[Black "Marjancevic, Slavko"]
[Result "0-1"]
[WhiteElo "2010"]
[BlackElo "2058"]
[PlyCount "104"]
[EventDate "2016.04.16"]
[EventType "tourn"]
[EventRounds "11"]
[Source "Croatia"]
[SourceDate "2016.04.16"]

1. e4 c5 2. Nf3 e6 3. c3 d5 4. exd5 Qxd5 5. d4 Nc6 6. Be2 Nf6 7. O-O a6 8. a4
b6 9. Na3 cxd4 10. cxd4 Na5 11. Ne5 Bb7 12. Bf3 Ne4 13. Re1 f5 14. Bg5 Qb3 15.
Qc1 Rc8 16. Qf4 Qxb2 17. Bh5+ g6 18. Nxg6 hxg6 19. Bxg6+ Kd7 20. Bxf5 Bd6 21.
Bxe6+ Kc7 22. Qc1+ Qxc1 23. Raxc1+ Kb8 24. Rxc8+ Bxc8 25. Rxe4 Bxa3 26. Bf4+
Ka7 27. d5 Nb7 28. g4 Nc5 29. Re2 Re8 30. Bd6 Bxe6 31. dxe6 Kb7 32. e7 Kc6 33.
Bg3 Kd7 34. Bh4 Ne6 35. Bf6 Bxe7 36. Rd2+ Kc6 37. Bb2 Bc5 38. Kg2 Rf8 39. Be5
Rd8 40. Ra2 Kd5 41. f4 Ke4 42. Re2+ Be3 43. f5 Nf4+ 44. Bxf4 Kxf4 45. Kh3 Kf3
46. Rxe3+ Kxe3 47. Kg3 b5 48. f6 Ke4 49. Kh4 Kf4 50. Kh5 Rh8+ 51. Kg6 Kxg4 52.
Kg7 Rxh2 0-1

[Event "II HSL Istok 2015"]
[Site "Dalj, Vukovar, Zupanja, Oraho"]
[Date "2016.04.17"]
[Round "3.55"]
[White "Slivar, Darko"]
[Black "Dabic, Stjepan"]
[Result "0-1"]
[WhiteElo "2062"]
[BlackElo "1601"]
[PlyCount "78"]
[EventDate "2016.04.16"]
[EventType "tourn"]
[EventRounds "11"]
[Source "Croatia"]
[SourceDate "2016.04.16"]

1. d4 Nf6 2. c4 g6 3. Nc3 Bg7 4. e4 d6 5. f3 O-O 6. Be3 b6 7. Qd2 Re8 8. Nge2
c5 9. d5 Ba6 10. b3 Nbd7 11. Rb1 Ne5 12. h3 Qc7 13. f4 Ned7 14. g4 Rab8 15. a4
e6 16. Bg2 exd5 17. exd5 Re7 18. O-O Rbe8 19. Bf2 Nf8 20. Ng3 Bc8 21. Bf3 h5
22. g5 N6h7 23. Bg2 f6 24. Nge4 a6 25. h4 fxg5 26. hxg5 Bf5 27. Rbe1 Qd7 28.
Ng3 Bh3 29. Bxh3 Qxh3 30. Nge4 Nxg5 31. fxg5 Be5 32. Bg3 Bd4+ 33. Rf2 h4 34.
Bxd6 Bxc3 35. Rxf8+ Rxf8 36. Nxc3 Re3 37. Bh2 Rxc3 38. Qe2 Re3 39. Qd2 Qg4+ 0-1

[Event "II HSL Istok 2015"]
[Site "Dalj, Vukovar, Zupanja, Oraho"]
[Date "2016.04.17"]
[Round "3.56"]
[White "Vukojevic, Toni"]
[Black "Buric, Danijel"]
[Result "0-1"]
[WhiteElo "1513"]
[BlackElo "2150"]
[PlyCount "78"]
[EventDate "2016.04.16"]
[EventType "tourn"]
[EventRounds "11"]
[Source "Croatia"]
[SourceDate "2016.04.16"]

1. e4 Nf6 2. Nc3 d5 3. f3 e5 4. d3 h6 5. a3 c6 6. b4 a5 7. Rb1 axb4 8. axb4 Qb6
9. Nce2 Be7 10. c3 O-O 11. g3 Rd8 12. Qc2 dxe4 13. fxe4 Ng4 14. d4 exd4 15.
Nxd4 Bf6 16. Ngf3 c5 17. bxc5 Qxc5 18. Qd3 Nc6 19. Rb5 Qe7 20. Bb2 Re8 21. Nd2
Bg5 22. Bg2 Ne3 23. Bf3 Ne5 24. Qe2 Bh3 25. Rg1 N3g4 26. c4 Red8 27. N4b3 Nd3+
28. Kd1 Ne3+ 29. Qxe3 Bxe3 30. Rh1 Nxb2+ 31. Kc2 Ra2 32. Kc1 Nxc4 33. Kb1 Raxd2
34. Nxd2 Na3+ 35. Kc1 Bxd2+ 36. Kb2 Nxb5 37. Be2 Qb4+ 38. Kc2 Na3+ 39. Kd1 Qb1#
0-1

[Event "II HSL Istok 2015"]
[Site "Dalj, Vukovar, Zupanja, Oraho"]
[Date "2016.04.17"]
[Round "3.61"]
[White "Miranovic, Rajko"]
[Black "Bosnjak, Nino"]
[Result "1-0"]
[WhiteElo "2401"]
[BlackElo "2136"]
[PlyCount "73"]
[EventDate "2016.04.16"]
[EventType "tourn"]
[EventRounds "11"]
[Source "Croatia"]
[SourceDate "2016.04.16"]

1. e4 e5 2. Nf3 Nc6 3. Bb5 Nf6 4. d3 d6 5. O-O Be7 6. c3 O-O 7. Re1 a6 8. Ba4
b5 9. Bb3 Na5 10. Bc2 c5 11. Nbd2 Nc6 12. Nf1 h6 13. Ng3 Re8 14. d4 cxd4 15.
cxd4 Bg4 16. Be3 Rc8 17. d5 Nd4 18. Bxd4 exd4 19. Bd3 Nd7 20. Be2 Bxf3 21. Bxf3
Bf6 22. Nf5 Ne5 23. Be2 d3 24. Bxd3 Nxd3 25. Qxd3 Bxb2 26. Rab1 Be5 27. g3 Rc3
28. Qe2 Qc7 29. a4 Rc2 30. Qf1 bxa4 31. Qxa6 Qc5 32. Ne3 Ra2 33. Rec1 Qd4 34.
Rc8 Rxc8 35. Qxc8+ Kh7 36. Qf5+ Kg8 37. Rb8# 1-0

[Event "II HSL Istok 2015"]
[Site "Dalj, Vukovar, Zupanja, Oraho"]
[Date "2016.04.17"]
[Round "3.62"]
[White "Vince, Renato"]
[Black "Pavlovic, Dragan"]
[Result "0-1"]
[WhiteElo "2135"]
[BlackElo "2253"]
[PlyCount "66"]
[EventDate "2016.04.16"]
[EventType "tourn"]
[EventRounds "11"]
[Source "Croatia"]
[SourceDate "2016.04.16"]

1. c4 Nf6 2. Nc3 g6 3. g3 Bg7 4. Bg2 O-O 5. e3 e5 6. Nge2 c6 7. d4 exd4 8. Nxd4
d5 9. cxd5 cxd5 10. Qb3 Nc6 11. O-O Na5 12. Qc2 a6 13. b3 Bg4 14. h3 Bd7 15.
Bb2 Rc8 16. Qd2 Nc6 17. Kh2 Nxd4 18. exd4 Bf5 19. Rfe1 Qd6 20. Rac1 h5 21. h4
b5 22. a3 Rfe8 23. Rxe8+ Rxe8 24. b4 Bh6 25. f4 Ng4+ 26. Kg1 Re3 27. Nxd5 Rxg3
28. Qe1 Rxg2+ 29. Kxg2 Qxd5+ 30. Kg3 Kh7 31. Qe2 Qd6 32. Rf1 Nf6 33. Qe5 Ne4+
0-1

[Event "II HSL Istok 2015"]
[Site "Dalj, Vukovar, Zupanja, Oraho"]
[Date "2016.04.17"]
[Round "3.63"]
[White "Mladenovic, Velisa"]
[Black "Skelac, Darko"]
[Result "1/2-1/2"]
[WhiteElo "2099"]
[BlackElo "2135"]
[PlyCount "190"]
[EventDate "2016.04.16"]
[EventType "tourn"]
[EventRounds "11"]
[Source "Croatia"]
[SourceDate "2016.04.16"]

1. d4 Nf6 2. Bf4 e6 3. Nf3 b6 4. e3 Bb7 5. Be2 Ne4 6. Bd3 Be7 7. O-O O-O 8. h3
f5 9. c4 d6 10. Nc3 Nxc3 11. bxc3 Nd7 12. Nd2 e5 13. Bh2 Qe8 14. f4 e4 15. Be2
g6 16. g4 Bf6 17. g5 Be7 18. a4 a6 19. a5 Qf7 20. Qa4 Bd8 21. Bg3 Kg7 22. h4 h6
23. gxh6+ Kxh6 24. Kf2 Rg8 25. Rh1 Bf6 26. Bd1 Rg7 27. Bb3 Qe7 28. Rac1 Rh7 29.
axb6 cxb6 30. Rcg1 Rah8 31. Bd1 Kg7 32. h5 Kf8 33. Kg2 gxh5 34. Kh3 Rg8 35. Bf2
Rxg1 36. Rxg1 Qf7 37. Be2 Rg7 38. Rxg7 Kxg7 39. Nf1 Bd8 40. Ng3 Kh6 41. Nxh5
Nf6 42. Nxf6 Bxf6 43. Qb4 Qc7 44. Qa4 Qc6 45. Qd1 Qe8 46. Qg1 a5 47. Qb1 Bd8
48. Qb5 Bc8 49. Qb2 Qd7 50. Qc1 Bb7 51. Kg2 Qg7+ 52. Kh3 Ba6 53. Qa3 Qe7 54.
Qa1 Qe6 55. Qa4 Qe7 56. Qc6 Bb7 57. Qb5 Bc8 58. Qb1 Bd7 59. Kg2 Qg7+ 60. Kh3
Be8 61. Qd1 Qd7 62. Qg1 Bg6 63. Qa1 Qe8 64. Kg2 Kg7 65. Qa3 Qe7 66. Bd1 Bf7 67.
Be2 Be8 68. Qa1 Qf6 69. Qa3 Qe7 70. Qa1 Kf8 71. Qa3 Qc7 72. Qa1 Bf6 73. Qa3 Ke7
74. Kf1 Kd8 75. Ke1 Qd7 76. Kd2 Kc7 77. Qa1 Qc6 78. Kc2 Bf7 79. Qa2 Kb8 80. Kb2
Qc7 81. Qa4 Ka7 82. Qb5 Qc8 83. Be1 Be6 84. Qa4 Bd7 85. Qa3 Qc7 86. Qa1 Be8 87.
Qa3 Be7 88. Qa2 Kb7 89. Qb3 Ka7 90. Qa2 Qd8 91. Kc2 Qd7 92. Kb2 Qc6 93. Qb3 Kb7
94. Qa2 Bf7 95. Qb3 Bd8 1/2-1/2

[Event "II HSL Istok 2015"]
[Site "Dalj, Vukovar, Zupanja, Oraho"]
[Date "2016.04.17"]
[Round "3.64"]
[White "Stanic, Ivica"]
[Black "Milosevic, Milutin"]
[Result "0-1"]
[WhiteElo "2003"]
[BlackElo "2055"]
[PlyCount "110"]
[EventDate "2016.04.16"]
[EventType "tourn"]
[EventRounds "11"]
[Source "Croatia"]
[SourceDate "2016.04.16"]

1. c4 c6 2. e4 d5 3. cxd5 cxd5 4. Bb5+ Nc6 5. e5 a6 6. Bxc6+ bxc6 7. d4 Bf5 8.
Qa4 Qb6 9. Ne2 e6 10. a3 Be7 11. b4 h5 12. Nbc3 Nh6 13. h3 Rc8 14. Be3 Bg6 15.
g4 h4 16. Nf4 Bh7 17. O-O g5 18. Ng2 Bd3 19. Rfc1 f5 20. gxf5 Nxf5 21. Qd1 Bc4
22. Qg4 Kf7 23. Ne4 Rcg8 24. Nd2 Bd3 25. Rc3 Nh6 26. Qf3+ Bf5 27. Rac1 Rc8 28.
Kh2 g4 29. hxg4 Nxg4+ 30. Kh1 Qb5 31. Nf4 h3 32. Nxd5 Qxd5 33. Qxd5 exd5 34.
Rxc6 Rxc6 35. Rxc6 Rc8 36. Rxc8 Bxc8 37. Nf1 Bf5 38. f3 Nxe3 39. Nxe3 Ke6 40.
Nf1 Bd8 41. Ng3 Bb6 42. Ne2 Kd7 43. Kh2 Bd3 44. Nf4 Bf1 45. Nxd5 Bxd4 46. f4
Ke6 47. Nc7+ Kd7 48. Nd5 Bg2 49. Nf6+ Ke6 50. a4 Be3 51. Nh5 Kf7 52. f5 Bd4 53.
e6+ Ke7 54. b5 Be5+ 55. Kg1 Ba8 0-1

[Event "II HSL Istok 2015"]
[Site "Dalj, Vukovar, Zupanja, Oraho"]
[Date "2016.04.17"]
[Round "3.65"]
[White "Masirevic, Miroljub"]
[Black "Zagorscak, Dino"]
[Result "1-0"]
[WhiteElo "1894"]
[BlackElo "1765"]
[PlyCount "121"]
[EventDate "2016.04.16"]
[EventType "tourn"]
[EventRounds "11"]
[Source "Croatia"]
[SourceDate "2016.04.16"]

1. e4 c5 2. Nf3 a6 3. d4 cxd4 4. Nxd4 Nf6 5. Bd3 e5 6. Nf3 Nc6 7. O-O Be7 8. h3
O-O 9. Be3 Qc7 10. Nc3 d6 11. a3 h6 12. Qc1 Be6 13. Nh2 Nh7 14. Ne2 f5 15. exf5
Bxf5 16. Bc4+ Kh8 17. Ba2 Rac8 18. c3 Na5 19. Ng3 Bg6 20. Nf3 Nc4 21. Bb1 Bxb1
22. Rxb1 Nxe3 23. Qxe3 Ng5 24. Nh2 Ne6 25. Ng4 Bg5 26. Qe4 Rf4 27. Qd5 Qe7 28.
Rbd1 Rd8 29. Rfe1 Rf7 30. Qe4 Rdf8 31. Qb4 Nc5 32. Qb6 Rd8 33. Rd5 Qc7 34. Qxc7
Rxc7 35. Nf5 h5 36. Nh2 Rc6 37. Nf3 Bf6 38. h4 g6 39. Ne3 Ne6 40. Red1 Kg7 41.
g3 Be7 42. Kg2 Bf6 43. a4 Kf7 44. Nc2 b6 45. Nb4 Rc5 46. Rxd6 a5 47. Rxd8 Nxd8
48. Nd5 Ke6 49. Nxf6 e4 50. Ng5+ Ke7 51. Nfxe4 Re5 52. f4 Rf5 53. Rd6 b5 54.
axb5 Rxb5 55. Ra6 Rxb2+ 56. Kf3 Ra2 57. Nc5 Rc2 58. Nge4 Ra2 59. Ra7+ Kf8 60.
Ke3 Nc6 61. Ne6+ 1-0

[Event "II HSL Istok 2015"]
[Site "Dalj, Vukovar, Zupanja, Oraho"]
[Date "2016.05.14"]
[Round "4.11"]
[White "Bosnjak, Petar"]
[Black "Bosnjak, Nino"]
[Result "1-0"]
[WhiteElo "2310"]
[BlackElo "2136"]
[PlyCount "117"]
[EventDate "2016.04.16"]
[EventType "tourn"]
[EventRounds "11"]
[Source "Croatia"]
[SourceDate "2016.04.16"]

1. e4 e5 2. Nf3 Nc6 3. Bb5 Nf6 4. d3 d6 5. c3 g6 6. O-O Bg7 7. Re1 O-O 8. h3
Nh5 9. d4 a6 10. Bxc6 bxc6 11. dxe5 dxe5 12. Qe2 Qf6 13. Bg5 Qe6 14. c4 Nf4 15.
Bxf4 exf4 16. Nc3 a5 17. Qd2 Qxc4 18. Qxf4 Rb8 19. Rac1 Rxb2 20. Nd1 Qxa2 21.
Nxb2 Bxb2 22. Rxc6 a4 23. e5 Bb7 24. Rxc7 Bxf3 25. gxf3 Qe6 26. Qxa4 Bxe5 27.
Rcc1 Qf5 28. Qe4 Qg5+ 29. Qg4 Qf6 30. h4 h5 31. Qg5 Bc3 32. Qxf6 Bxf6 33. Re4
Rd8 34. Kg2 Rd7 35. Kg3 Kg7 36. Rc8 Be7 37. Ra8 Bd6+ 38. Kh3 Be7 39. Rc8 Bf6
40. Ree8 Rd4 41. Re4 Rd1 42. Kg2 Rd7 43. Rc2 Rd1 44. Rc7 Rb1 45. Ra4 Rb8 46.
Raa7 Rf8 47. Ra4 Re8 48. Rd7 Rc8 49. Kg3 Be5+ 50. f4 Bf6 51. Raa7 Rf8 52. Rab7
Kg8 53. f5 gxf5 54. Rd5 f4+ 55. Kh3 Kg7 56. Rf5 Kg6 57. Rxf4 Be5 58. Rc4 Kf5
59. Rb5 1-0

[Event "II HSL Istok 2015"]
[Site "Dalj, Vukovar, Zupanja, Oraho"]
[Date "2016.05.14"]
[Round "4.12"]
[White "Skelac, Darko"]
[Black "Milurovic, Uros"]
[Result "1/2-1/2"]
[WhiteElo "2135"]
[BlackElo "2098"]
[PlyCount "41"]
[EventDate "2016.04.16"]
[EventType "tourn"]
[EventRounds "11"]
[Source "Croatia"]
[SourceDate "2016.04.16"]

1. Nf3 Nf6 2. g3 b5 3. Bg2 Bb7 4. O-O e6 5. d3 c5 6. c4 b4 7. a3 a5 8. axb4
axb4 9. Rxa8 Bxa8 10. Nbd2 Be7 11. Nb3 O-O 12. Bg5 d6 13. Qc2 h6 14. Bd2 Qb6
15. Ra1 Nc6 16. e3 Bb7 17. Qd1 Nd7 18. Ne1 Bf6 19. Ra2 Ra8 20. Qa1 Rxa2 21.
Qxa2 1/2-1/2

[Event "II HSL Istok 2015"]
[Site "Dalj, Vukovar, Zupanja, Oraho"]
[Date "2016.05.14"]
[Round "4.13"]
[White "Vlahov, Hrvoje"]
[Black "Stanic, Ivica"]
[Result "1-0"]
[WhiteElo "2157"]
[BlackElo "2003"]
[PlyCount "113"]
[EventDate "2016.04.16"]
[EventType "tourn"]
[EventRounds "11"]
[Source "Croatia"]
[SourceDate "2016.04.16"]

1. Nc3 c5 2. e4 Nc6 3. Nf3 g6 4. Bb5 Nd4 5. Bc4 Bg7 6. O-O a6 7. a4 e6 8. d3 b6
9. Nxd4 cxd4 10. Ne2 Bb7 11. Bb3 Qc7 12. Bd2 Rc8 13. c3 dxc3 14. Bxc3 Bxc3 15.
Nxc3 Nf6 16. Re1 d6 17. Qf3 Nd7 18. d4 O-O 19. Rad1 Qd8 20. Qg3 Qe7 21. h3 Kg7
22. Rd2 Rfd8 23. Ba2 Nf6 24. Qe3 Qd7 25. Red1 Rxc3 26. bxc3 Nxe4 27. Rc2 Qxa4
28. Rdc1 b5 29. f3 Nf6 30. c4 bxc4 31. Bxc4 Bd5 32. Bf1 Rb8 33. Rc3 Rb4 34. Ra3
Rb3 35. Rxa4 Rxe3 36. Rxa6 e5 37. Rxd6 exd4 38. Rd1 Be6 39. R6xd4 Nh5 40. Kf2
Rc3 41. R1d2 g5 42. g3 Kf6 43. h4 h6 44. hxg5+ hxg5 45. Be2 Rc1 46. Rb4 Rc3 47.
Rb6 g4 48. Rd3 Rxd3 49. Bxd3 gxf3 50. Kxf3 Kg7 51. Bc2 Bd5+ 52. Kg4 Nf6+ 53.
Kh4 Be6 54. Bb3 Bf5 55. Kg5 Nd7 56. Rb7 Bh3 57. Kh4 1-0

[Event "II HSL Istok 2015"]
[Site "Dalj, Vukovar, Zupanja, Oraho"]
[Date "2016.05.14"]
[Round "4.14"]
[White "Zagorscak, Dino"]
[Black "Pavlovic, Zeljko"]
[Result "1/2-1/2"]
[WhiteElo "1765"]
[BlackElo "2031"]
[PlyCount "88"]
[EventDate "2016.04.16"]
[EventType "tourn"]
[EventRounds "11"]
[Source "Croatia"]
[SourceDate "2016.04.16"]

1. e4 g6 2. d4 Bg7 3. c3 d6 4. Nf3 a6 5. Be3 Nd7 6. h3 c5 7. Qd2 b6 8. Bd3 Bb7
9. O-O Ngf6 10. d5 c4 11. Bc2 Nc5 12. Bxc5 dxc5 13. Qe2 b5 14. Rd1 O-O 15. Nh2
Nh5 16. Nd2 Qc7 17. Nhf1 Rad8 18. a4 e6 19. dxe6 fxe6 20. Ne3 Nf4 21. Qf1 Nd3
22. Bxd3 cxd3 23. axb5 axb5 24. Ra7 Bh6 25. Ng4 Bxd2 26. Rxd2 c4 27. Qe1 Ra8
28. Rxa8 Rxa8 29. Nf6+ Kh8 30. e5 Qc6 31. f3 Qc5+ 32. Kh2 Bc6 33. f4 Ra7 34.
Qh4 Qe7 35. Qg5 Ra1 36. Qh6 Rc1 37. Nxh7 Qg7 38. Qh4 Kg8 39. Nf6+ Kf7 40. Qf2
Qf8 41. Qa7+ Qe7 42. Qf2 Qf8 43. Qa7+ Qe7 44. Qf2 Qf8 1/2-1/2

[Event "II HSL Istok 2015"]
[Site "Dalj, Vukovar, Zupanja, Oraho"]
[Date "2016.05.14"]
[Round "4.21"]
[White "Rosic, Slavko"]
[Black "Miranovic, Rajko"]
[Result "1-0"]
[WhiteElo "2253"]
[BlackElo "2401"]
[PlyCount "157"]
[EventDate "2016.04.16"]
[EventType "tourn"]
[EventRounds "11"]
[Source "Croatia"]
[SourceDate "2016.04.16"]

1. e4 c5 2. Nf3 d6 3. Nc3 Nf6 4. Bc4 e6 5. d4 cxd4 6. Nxd4 a6 7. a4 Qc7 8. Qe2
Nc6 9. Be3 Be7 10. h3 O-O 11. O-O Bd7 12. f4 Nxe4 13. Nxe4 d5 14. Bd3 dxe4 15.
Bxe4 Bf6 16. Qf2 Ne7 17. c3 Nd5 18. Bxd5 exd5 19. Ne2 Rfe8 20. Bd4 Qd6 21. Be5
Qe7 22. Nd4 Bh4 23. Qf3 Qc5 24. b4 Qc4 25. Nc2 Bd8 26. Bd4 Re4 27. Rfe1 Qc6 28.
Qg3 Bf6 29. Rxe4 dxe4 30. Bxf6 Qxf6 31. Nd4 Re8 32. Qe3 Qd6 33. a5 Qd5 34. Rc1
h6 35. Rc2 Kh7 36. Rd2 Qc4 37. f5 Qc7 38. Rf2 Qe5 39. Rf4 Qd5 40. Rf2 Qd6 41.
Rf4 Qe5 42. Rf2 Bb5 43. Nxb5 axb5 44. Rf4 Qd5 45. Qd4 Qc6 46. Qe3 Qc4 47. Kh2
Re5 48. Qg3 Qc7 49. Rxe4 f6 50. Rxe5 fxe5 51. Qg6+ Kh8 52. f6 gxf6 53. Qxh6+
Kg8 54. Qg6+ Kh8 55. Qxf6+ Kh7 56. Qh4+ Kg6 57. Qg3+ Kf6 58. h4 Qh7 59. Qg5+
Ke6 60. h5 Kd5 61. Qg6 Qe7 62. Qd3+ Ke6 63. Qh3+ Kd5 64. Qd3+ Ke6 65. Qe4 Qf8
66. Kg1 Qe7 67. g3 Qf8 68. Qxb7 Qh8 69. Qc6+ Ke7 70. h6 Qd8 71. Qf3 Qd2 72. Qf2
Qd1+ 73. Qf1 Qg4 74. Kg2 Qe4+ 75. Qf3 Qc2+ 76. Kh3 e4 77. Qg2 Qxc3 78. Qxe4+
Kf7 79. Qh7+ 1-0

[Event "II HSL Istok 2015"]
[Site "Dalj, Vukovar, Zupanja, Oraho"]
[Date "2016.05.14"]
[Round "4.22"]
[White "Pavlovic, Dragan"]
[Black "Dulic, Grgur"]
[Result "1-0"]
[WhiteElo "2253"]
[BlackElo "2248"]
[PlyCount "109"]
[EventDate "2016.04.16"]
[EventType "tourn"]
[EventRounds "11"]
[Source "Croatia"]
[SourceDate "2016.04.16"]

1. d4 Nf6 2. Nf3 g6 3. Bg5 Bg7 4. Nbd2 d5 5. e3 O-O 6. Bd3 c5 7. c3 b6 8. O-O
Ba6 9. Bxa6 Nxa6 10. Ne5 Nb8 11. f4 Qd6 12. Qf3 Nbd7 13. Qh3 e6 14. Qh4 Rfe8
15. Rf3 Ne4 16. Nxe4 dxe4 17. Rh3 Nf8 18. Ng4 f5 19. Nf6+ Bxf6 20. Bxf6 Rac8
21. Qh6 Qd7 22. Rg3 Qf7 23. Be5 Nd7 24. Rf1 Nxe5 25. fxe5 Qg7 26. Qg5 Qe7 27.
Qf4 Kg7 28. h4 h6 29. d5 Rf8 30. d6 Qd7 31. Rh3 c4 32. Rh2 h5 33. Rh3 Kh7 34.
Rg3 Qg7 35. Rg5 Rc5 36. g4 Qxe5 37. gxh5 Qxf4 38. hxg6+ Kh6 39. exf4 Rd5 40.
Rf2 Rxd6 41. g7 Rg8 42. Rfg2 Rd7 43. Rg6+ Kh7 44. Rxe6 Rdxg7 45. Rg5 Rd7 46.
Kf2 Rd2+ 47. Ke3 Rxg5 48. fxg5 Rd3+ 49. Kf4 Rf3+ 50. Ke5 e3 51. Kf6 Rg3 52. h5
f4 53. Re7+ Kg8 54. Re8+ Kh7 55. g6+ 1-0